Ethnic Groups by Country (Photos) - Statistics

General Stats
  • This quiz has been taken 95 times
  • The average score is 13 of 21
Answer Stats
Picture Hint Answer % Correct
New Zealand Māori
95%
Iran Persian
81%
The Netherlands Dutch
80%
China Tibetan
79%
Turkey Kurds
76%
Rwanda Hutu
71%
Egypt Copts
70%
Kenya Maasai
67%
Belgium Flemish
65%
Peru Quechua
65%
Spain Catalans
64%
Nigeria Igbo
61%
Switzerland Romansh
61%
Norway Sami
61%
Hungary Magyars
50%
France Bretons
49%
Pakistan Pashtuns
48%
United States Navajo
46%
India Tamils
39%
Russia Slavs
24%
D.R. Congo Bantu
18%
No matching quizzes found
Score Distribution
Percent of People with Each Score
Percentile by Number Answered
Your Score History
You have not taken this quiz